Snižování energetické náročnosti staveb a úhrada za ústřední vytápění bytů : Sborník přednášek.Konference./Liberec,ČR,25.-26.9.2001
Gespeichert in:
| Format: | Buch |
|---|---|
| Sprache: | Tschechisch Slowakisch |
| Veröffentlicht: |
Liberec :
Technická univerzita v Liberci,
2001
|
| Tags: |
Keine Tags, Fügen Sie das erste Tag hinzu!
|
MARC
| LEADER | 00000nam a22000003a 4500 | ||
|---|---|---|---|
| 001 | stu61342 | ||
| 005 | 20150408175620.1 | ||
| 008 | 010928s2001----xr------------------cze-d | ||
| 040 | |a STU |b slo | ||
| 041 | 0 | |a cze |a slo | |
| 044 | |a xr | ||
| 080 | |a 697.1 | ||
| 080 | |a 061.3(437.1) | ||
| 245 | |a Snižování energetické náročnosti staveb a úhrada za ústřední vytápění bytů : |b Sborník přednášek.Konference./Liberec,ČR,25.-26.9.2001 | ||
| 260 | |a Liberec : |b Technická univerzita v Liberci, |c 2001 | ||
| 300 | |a 144 s.;tab.,schémy | ||
| 996 | |c V*1384/sc-01 |l VV18 |s P |a 0 |w stu61342_0001 | ||